[Event "Lewisham International 3rd"]
[Site "London"]
[Date "1983.11.30"]
[Round "7.11"]
[White "Pagden, Michael Ashley"]
[Black "Ilic, Zoran S"]
[Result "1/2-1/2"]
[WhiteElo "2270"]
[BlackElo "2430"]
[PlyCount "65"]
[EventDate "1983.11.24"]
[EventType "swiss"]
[EventRounds "9"]
[EventCountry "ENG"]

1. c4 Nf6 2. Nf3 c5 3. g3 b6 4. Bg2 Bb7 5. O-O e6 6. Nc3 Be7 7. d4 cxd4 8. Qxd4
d6 9. Rd1 a6 10. b3 Nbd7 11. Bb2 O-O 12. e4 Qc7 13. Qe3 Rfe8 14. h3 Rad8 15.
Kh2 Bf8 16. Rac1 Qb8 17. Re1 g6 18. Rcd1 Bg7 19. Nd4 d5 20. exd5 exd5 21. Qf4
Rxe1 22. Qxb8 Rxb8 23. Rxe1 dxc4 24. bxc4 Bxg2 25. Kxg2 Rc8 26. Nd5 Rxc4 27.
Ne7+ Kf8 28. Ba3 Nc5 29. Nc8 Ra4 30. Nc2 Rc4 31. Ne3 Ra4 32. Nc2 Rc4 33. Ne3
1/2-1/2

[Event "Lewisham International 3rd"]
[Site "London"]
[Date "1983.11.30"]
[Round "7.13"]
[White "Treppner, Gerd"]
[Black "Arkell, Keith C"]
[Result "0-1"]
[WhiteElo "2345"]
[BlackElo "2310"]
[PlyCount "66"]
[EventDate "1983.11.24"]
[EventType "swiss"]
[EventRounds "9"]
[EventCountry "ENG"]

1. Nf3 Nf6 2. c4 b6 3. Nc3 e6 4. e4 Bb7 5. Bd3 Bb4 6. e5 Ng8 7. Be4 Nc6 8. O-O
f5 9. Bxc6 Bxc6 10. d4 Bxc3 11. bxc3 Ne7 12. Ba3 Bb7 13. Re1 O-O 14. d5 Re8 15.
Qb3 Ng6 16. Rad1 Kh8 17. Rd2 h6 18. Qd1 c5 19. dxe6 Rxe6 20. Rxd7 Qc8 21. Rd5
Qe8 22. Qc2 Nf4 23. Qd2 g5 24. Rd1 Qh5 25. Rd8+ Re8 26. Rxe8+ Rxe8 27. Qd6 Ne6
28. Qd3 Be4 29. Qf1 Nf4 30. Rd6 Bxf3 31. gxf3 Qxf3 32. h3 Rxe5 33. Rd1 Re2 0-1

[Event "Lewisham International 3rd"]
[Site "London"]
[Date "1983.11.30"]
[Round "7.15"]
[White "Jackson, Sheila"]
[Black "Garcia, Leontxo"]
[Result "1/2-1/2"]
[WhiteElo "2205"]
[BlackElo "2300"]
[PlyCount "84"]
[EventDate "1983.11.24"]
[EventType "swiss"]
[EventRounds "9"]
[EventCountry "ENG"]

1. e4 c5 2. c3 d5 3. exd5 Qxd5 4. d4 Nf6 5. Nf3 e6 6. Be2 Be7 7. O-O O-O 8. c4
Qd8 9. Nc3 cxd4 10. Nxd4 e5 11. Ndb5 Be6 12. Qxd8 Bxd8 13. Nd6 Be7 14. Nxb7 Nc6
15. Be3 Rab8 16. Nc5 Rxb2 17. Nxe6 fxe6 18. Rab1 Rfb8 19. Bd3 e4 20. Rxb2 Rxb2
21. Rb1 Rb4 22. Nxe4 Nxe4 23. Rxb4 Nxb4 24. Bxe4 Nxa2 25. Bxa7 g6 26. Bb6 Kf8
27. Kf1 Nb4 28. Bb7 Nd3 29. Bc8 Bc5 30. Bc7 Nxf2 31. Bxe6 Ke7 32. Bg8 Ng4 33.
Bf4 Nf6 34. Bg5 h6 35. Bxf6+ Kxf6 36. Ke2 Ke5 37. Bf7 g5 38. Kf3 Bg1 39. h3 Bc5
40. Kg4 Kf6 41. Bd5 Bb6 42. Kh5 Kg7 1/2-1/2

[Event "Lewisham International 3rd"]
[Site "London"]
[Date "1983.11.30"]
[Round "7.17"]
[White "Casa, Alex"]
[Black "Gallagher, Joseph G"]
[Result "0-1"]
[WhiteElo "2200"]
[BlackElo "2250"]
[PlyCount "72"]
[EventDate "1983.11.24"]
[EventType "swiss"]
[EventRounds "9"]
[EventCountry "ENG"]

1. e4 c5 2. Nf3 d6 3. d4 cxd4 4. Nxd4 Nf6 5. Nc3 a6 6. Bg5 e6 7. f4 b5 8. e5
dxe5 9. fxe5 Qc7 10. exf6 Qe5+ 11. Be2 Qxg5 12. O-O Qe5 13. Nf3 Qe3+ 14. Kh1
gxf6 15. Nd5 exd5 16. Bxb5+ axb5 17. Re1 Qxe1+ 18. Qxe1+ Be7 19. Nd4 Bd7 20.
Qe2 Nc6 21. Re1 Ne5 22. a3 Rb8 23. c3 O-O 24. Qh5 Kh8 25. h3 Rbe8 26. Rf1 Rg8
27. Qe2 Rg5 28. Nxb5 Bf5 29. Nc7 Bd3 30. Qf2 Bxf1 31. Qxf1 Rd8 32. Qf2 Nd3 33.
Qe2 Re5 34. Qxd3 Re1+ 35. Kh2 Bd6+ 36. g3 Bxc7 0-1

[Event "Lewisham International 3rd"]
[Site "London"]
[Date "1983.12.01"]
[Round "8.1"]
[White "Crouch, Colin S"]
[Black "Plaskett, H James"]
[Result "0-1"]
[WhiteElo "2300"]
[BlackElo "2425"]
[Annotator "Plaskett, HJ"]
[PlyCount "64"]
[EventDate "1983.11.24"]
[EventType "swiss"]
[EventRounds "9"]
[EventCountry "ENG"]

1. d4 Nf6 2. c4 e6 3. Nf3 b6 4. a3 Ba6 5. Qb3 $5 {A new idea and quite an
interesting one.} c5 ({Probably} 5... d5 {is a more correct response.}) 6. d5
g6 7. Bg5 $5 h6 8. Bh4 (8. Bxf6 {was a sensible alternative.}) 8... Bg7 ({
Certainly not} 8... exd5 $4 9. Qe3+) 9. dxe6 $2 ({This gives White no
advantage at all.} 9. Nc3 {must be better.}) 9... dxe6 10. Nc3 O-O 11. Rd1 Qe7
12. e4 $6 ({And I do not like this move either, creating a gaping hole on d4.} 
12. e3 {was more restrained.}) 12... g5 13. Bg3 Rd8 14. Rxd8+ Qxd8 15. h4 g4
16. Nh2 Nc6 17. Be2 Qd4 $1 ({Now} 17... Nd4 {is natural and strong but Black
has an even better move which wins.}) 18. Qa4 Nxe4 $1 19. Qxc6 (19. Qxa6 Qd2+
20. Kf1 Nxc3 $19) 19... Qd2+ 20. Kf1 Qc1+ 21. Nd1 (21. Bd1 Nxg3+ 22. fxg3 Bxc4+
23. Ke1 Bxc3+ 24. bxc3 Qe3+ $19) 21... Rd8 22. Kg1 ({There is nothing better as
} 22. Qa4 Bxc4 $1 $19) 22... Nxg3 23. fxg3 Bd4+ 24. Kf1 Bxc4 25. Ke1 Bxe2 26.
Kxe2 Qc2+ 27. Ke1 Bf2+ 28. Nxf2 Qc1+ 29. Ke2 Rd2+ 30. Ke3 Rd1+ 31. Ke4 Qc4+ 32.
Ke5 Qd4# {Source: bulletin [I assume the following was the bulletin editor's
comment - JS] Judged by many as unlucky not to have won the best game prize.
Apparently poor moves by White on moves 12 & 15 help sway the judges. The
consolation for the winner is that it left him a point clear of the field with
just one round to go.} 0-1

[Event "Lewisham International 3rd"]
[Site "London"]
[Date "1983.12.01"]
[Round "8.2"]
[White "Stean, Michael F"]
[Black "Nicholson, John G"]
[Result "1-0"]
[WhiteElo "2500"]
[BlackElo "2260"]
[PlyCount "39"]
[EventDate "1983.11.24"]
[EventType "swiss"]
[EventRounds "9"]
[EventCountry "ENG"]

1. c4 Nf6 2. Nc3 c5 3. Nf3 e6 4. g3 b6 5. Bg2 Bb7 6. O-O Be7 7. d4 cxd4 8. Qxd4
d6 9. Rd1 a6 10. b3 Nbd7 11. e4 Qb8 12. Ba3 Nc5 13. e5 dxe5 14. Qxe5 Qa7 15.
Na4 Ncd7 16. Qb2 Bxa3 17. Qxa3 b5 18. cxb5 axb5 19. Nd4 Qa6 20. Bf1 1-0

[Event "Lewisham International 3rd"]
[Site "London"]
[Date "1983.12.01"]
[Round "8.3"]
[White "Westerinen, Heikki MJ"]
[Black "Dizdar, Goran"]
[Result "1-0"]
[WhiteElo "2385"]
[BlackElo "2450"]
[PlyCount "113"]
[EventDate "1983.11.24"]
[EventType "swiss"]
[EventRounds "9"]
[EventCountry "ENG"]

1. e4 e6 2. d4 d5 3. Nd2 a6 4. Ngf3 c5 5. exd5 exd5 6. Be2 Nc6 7. O-O cxd4 8.
Re1 Be7 9. Nb3 Nf6 10. Nfxd4 O-O 11. Bf4 Re8 12. Bf3 Qb6 13. h3 Bd7 14. c3 Bf8
15. Qd3 a5 16. Qb5 Qa7 17. Rxe8 Bxe8 18. Qe2 a4 19. Nb5 Qb6 20. Be3 Qd8 21.
N3d4 Ne5 22. Bg5 Nxf3+ 23. Nxf3 Qb6 24. Nbd4 a3 25. b4 Ne4 26. Bd2 Rc8 27. Qd3
Qg6 28. Qe3 Qf6 29. Be1 Bd7 30. Qd3 Bd6 31. Rd1 Ba4 32. Ra1 Bd7 33. Rd1 Bb8 34.
Ne2 Be6 35. Nfd4 Ba7 36. f3 Nd6 37. Bf2 Nc4 38. Re1 Bd7 39. Ng3 g6 40. Nde2 Ne5
41. Qd2 Bxf2+ 42. Kxf2 Bxh3 43. Nd4 Bd7 44. Rh1 Re8 45. Nf1 h5 46. Kg1 Nc4 47.
Qf2 Qf4 48. Nb3 Bf5 49. Rh4 Qe5 50. Rd4 Nd6 51. Qd2 Nc4 52. Qf2 Rc8 53. Qg3 Bb1
$4 54. Rxc4 Re8 55. Qxe5 Rxe5 56. Rc8+ Kg7 57. Ra8 1-0

[Event "Lewisham International 3rd"]
[Site "London"]
[Date "1983.12.01"]
[Round "8.5"]
[White "Arkell, Keith C"]
[Black "Hebden, Mark L"]
[Result "0-1"]
[WhiteElo "2310"]
[BlackElo "2495"]
[PlyCount "62"]
[EventDate "1983.11.24"]
[EventType "swiss"]
[EventRounds "9"]
[EventCountry "ENG"]

1. Nf3 Nf6 2. c4 g6 3. g3 Bg7 4. Bg2 O-O 5. O-O d6 6. d4 Nc6 7. Nc3 a6 8. h3
Rb8 9. Be3 b5 10. Nd2 Bd7 11. d5 Ne5 12. c5 Qc8 13. Kh2 b4 14. Na4 e6 15. cxd6
Nxd5 16. dxc7 Qxc7 17. Bxd5 exd5 18. Nc5 Bb5 19. Ndb3 Rbd8 20. Bd4 Rfe8 21. Re1
Bf8 22. a3 bxa3 23. Rxa3 Qc8 24. Ra1 Qf5 25. Kg2 h5 26. Nxa6 Bxa6 27. Rxa6 Qe4+
28. Kh2 Nf3+ 29. exf3 Qxe1 30. Qc2 Bg7 31. Bxg7 Re2 0-1

[Event "Lewisham International 3rd"]
[Site "London"]
[Date "1983.12.01"]
[Round "8.6"]
[White "Rogers, Ian"]
[Black "Condie, Mark L"]
[Result "1/2-1/2"]
[WhiteElo "2450"]
[BlackElo "2340"]
[PlyCount "56"]
[EventDate "1983.11.24"]
[EventType "swiss"]
[EventRounds "9"]
[EventCountry "ENG"]

1. d4 Nf6 2. c4 e6 3. g3 d5 4. Bg2 Be7 5. Nf3 O-O 6. Nbd2 b6 7. O-O Bb7 8. b3
Na6 9. Bb2 c5 10. e3 Rc8 11. Qe2 cxd4 12. Nxd4 Nc5 13. Rfd1 Qc7 14. Rac1 Qb8
15. Ba1 Qa8 16. a3 Rfd8 17. cxd5 Bxd5 18. Bxd5 Rxd5 19. e4 Rdd8 20. f3 a6 21.
b4 Nb7 22. Nc4 Nd7 23. Kg2 b5 24. Ne3 Nd6 25. Ng4 Nc4 26. h4 Nf6 27. Nxf6+ Bxf6
28. a4 Bxd4 1/2-1/2

[Event "Lewisham International 3rd"]
[Site "London"]
[Date "1983.12.01"]
[Round "8.7"]
[White "Marian, R."]
[Black "Conquest, Stuart"]
[Result "0-1"]
[WhiteElo "2360"]
[BlackElo "2255"]
[PlyCount "60"]
[EventDate "1983.11.24"]
[EventType "swiss"]
[EventRounds "9"]
[EventCountry "ENG"]

1. c4 e5 2. Nf3 e4 3. Nd4 Nc6 4. e3 Nxd4 5. exd4 Qf6 6. d5 Bc5 7. Qe2 Qg6 8.
Na3 d6 9. h3 Nf6 10. Nc2 O-O 11. b4 Bb6 12. Bb2 a5 13. b5 Nd7 14. Qg4 Qh6 15.
Qxe4 Nc5 16. Qf3 Re8+ 17. Ne3 Na4 18. Ba3 f5 19. Be2 f4 20. Ng4 Bxg4 21. Qxg4
f3 22. gxf3 Qf6 23. Rd1 h5 24. Qg3 Qe7 25. O-O Qxe2 26. Kh1 Re7 27. d4 Bxd4 28.
Bc1 Rf8 29. Bg5 Rxf3 30. Qg2 Rxf2 0-1

[Event "Lewisham International 3rd"]
[Site "London"]
[Date "1983.12.01"]
[Round "8.8"]
[White "Slutzkin, Uri"]
[Black "Forintos, Gyozo Victor"]
[Result "1-0"]
[WhiteElo "2220"]
[BlackElo "2450"]
[PlyCount "73"]
[EventDate "1983.11.24"]
[EventType "swiss"]
[EventRounds "9"]
[EventCountry "ENG"]

1. e4 c5 2. Nf3 e6 3. d4 cxd4 4. Nxd4 Nc6 5. Nc3 a6 6. Be2 Nge7 7. Nb3 b5 8. a3
d6 9. O-O Bb7 10. f4 Nc8 11. f5 e5 12. a4 bxa4 13. Rxa4 Nb6 14. Ra1 Be7 15. Nd5
Nxd5 16. exd5 Qb6+ 17. Kh1 Nb8 18. c4 a5 19. Ra4 Nd7 20. Bd2 Nc5 21. Nxc5 dxc5
22. Qa1 O-O 23. Bxa5 Qh6 24. Ra3 Bg5 25. Qe1 Be3 26. Rf3 Bd4 27. f6 g6 28. Bd2
Qh5 29. Rf1 Rxa3 30. bxa3 Qxe2 31. Qxe2 Ba6 32. Rb1 Ra8 33. Be3 Bxc4 34. Qxc4
Bxe3 35. d6 Bg5 36. Qd5 Rf8 37. Qxe5 1-0

[Event "Lewisham International 3rd"]
[Site "London"]
[Date "1983.12.01"]
[Round "8.10"]
[White "Ilic, Zoran S"]
[Black "Townsend, M Paul"]
[Result "1-0"]
[WhiteElo "2430"]
[BlackElo "2235"]
[PlyCount "92"]
[EventDate "1983.11.24"]
[EventType "swiss"]
[EventRounds "9"]
[EventCountry "ENG"]

1. Nf3 Nf6 2. c4 e6 3. Nc3 Bb4 4. Qc2 O-O 5. g3 b6 6. Bg2 Bb7 7. O-O c5 8. Rd1
Nc6 9. a3 Bxc3 10. Qxc3 Qe7 11. Rb1 d5 12. e3 dxc4 13. Qxc4 Na5 14. Qh4 c4 15.
b4 cxb3 16. Bb2 Nd5 17. Qxe7 Nxe7 18. Bc3 Bxf3 19. Bxf3 Rab8 20. Bb4 Rfe8 21.
Rdc1 Nd5 22. Kf1 h6 23. Ke2 Rb7 24. h4 Reb8 25. g4 Rc7 26. Rxc7 Nxc7 27. g5
hxg5 28. hxg5 Na6 29. d4 Nc4 30. Rxb3 Nxb4 31. axb4 Rc8 32. Be4 Nd6 33. Bd3 Rc7
34. e4 f6 35. e5 fxe5 36. dxe5 Nf7 37. f4 Nd8 38. Be4 Nc6 39. Rd3 Nxb4 40. Rd8+
Kf7 41. g6+ Ke7 42. Rg8 Rc4 43. Rxg7+ Kf8 44. Rf7+ Kg8 45. Kf3 a5 46. Ra7 Nc6
1-0

[Event "Lewisham International 3rd"]
[Site "London"]
[Date "1983.12.01"]
[Round "8.11"]
[White "Flesch, Janos"]
[Black "Singh, PK."]
[Result "1/2-1/2"]
[WhiteElo "2400"]
[BlackElo "2200"]
[PlyCount "64"]
[EventDate "1983.11.24"]
[EventType "swiss"]
[EventRounds "9"]
[EventCountry "ENG"]

1. Nf3 c5 2. e4 Nc6 3. d3 g6 4. g3 Bg7 5. Bg2 e6 6. O-O Nge7 7. c3 d5 8. Re1
dxe4 9. dxe4 O-O 10. Na3 b6 11. Qe2 a6 12. Rd1 Qc7 13. Bf4 e5 14. Be3 Bb7 15.
Nc4 Rad8 16. a4 Nc8 17. h4 Nd6 18. Nxd6 Rxd6 19. Rxd6 Qxd6 20. Rd1 Qc7 21. h5
Rd8 22. hxg6 hxg6 23. Bh3 Rxd1+ 24. Qxd1 Na5 25. Ng5 Nc4 26. Bc1 Nd6 27. f3 Bf6
28. Bf1 c4 29. Be3 Be7 30. Qc2 Qd8 31. Nh3 b5 32. axb5 axb5 1/2-1/2

[Event "Lewisham International 3rd"]
[Site "London"]
[Date "1983.12.01"]
[Round "8.15"]
[White "Franke, Heribert"]
[Black "Jackson, Sheila"]
[Result "1-0"]
[WhiteElo "2300"]
[BlackElo "2205"]
[PlyCount "87"]
[EventDate "1983.11.24"]
[EventType "swiss"]
[EventRounds "9"]
[EventCountry "ENG"]

1. d4 Nf6 2. Nf3 e6 3. Bg5 d5 4. e3 Be7 5. Nbd2 b6 6. Ne5 Bb7 7. Bd3 Nfd7 8.
Bxe7 Qxe7 9. f4 Nxe5 10. fxe5 Qh4+ 11. g3 Qg5 12. Qe2 O-O 13. O-O c5 14. c3 Nc6
15. Rf4 g6 16. Raf1 Rac8 17. Qf2 Qe7 18. Rf6 Nb8 19. g4 Ba6 20. Bxa6 Nxa6 21.
Qh4 Rc7 22. Nf3 Kg7 23. Ng5 h6 24. Rxf7+ Rxf7 25. Rxf7+ Qxf7 26. Nxf7 Rxf7 27.
Qd8 cxd4 28. exd4 Nc7 29. Qb8 Na6 30. Qd6 Nc7 31. a4 Kh7 32. Kg2 Kg7 33. b3 b5
34. axb5 Nxb5 35. Qxe6 Nxc3 36. Qd6 Ne2 37. e6 Nf4+ 38. Kh1 Nxe6 39. Qxe6 g5
40. Qxd5 Rf4 41. b4 Rf6 42. b5 Rf4 43. Qe5+ Rf6 44. d5 1-0

[Event "Lewisham International 3rd"]
[Site "London"]
[Date "1983.12.01"]
[Round "8.17"]
[White "Smith, Andrew Philip"]
[Black "Smart, Leslie J"]
[Result "1-0"]
[WhiteElo "2190"]
[BlackElo "2220"]
[PlyCount "77"]
[EventDate "1983.11.24"]
[EventType "swiss"]
[EventRounds "9"]
[EventCountry "ENG"]

1. e4 c5 2. Nf3 e6 3. d4 cxd4 4. Nxd4 Nc6 5. Nc3 a6 6. Be3 Qc7 7. f4 Bb4 8. Qg4
Nce7 9. Qxg7 Ng6 10. f5 Bf8 11. Ndb5 axb5 12. Qd4 e5 13. Qd2 Bb4 14. fxg6 hxg6
15. Bxb5 Ra5 16. a4 Nf6 17. O-O Ng4 18. Nd5 Qc5 19. c3 Nxe3 20. cxb4 Nxf1+ 21.
Kxf1 Qxb5+ 22. axb5 Rxa1+ 23. Kf2 Ra2 24. Qc3 O-O 25. Ne7+ Kh7 26. Nxc8 f5 27.
Nd6 fxe4+ 28. Kg3 Ra1 29. Qxe5 Raf1 30. Qxe4 b6 31. h3 R8f6 32. Qe7+ Kh6 33.
Ne4 Re6 34. Qh4+ Kg7 35. Ng5 Re3+ 36. Kh2 Ree1 37. Nf3 Rh1+ 38. Kg3 Re3 39.
Qd4+ 1-0

[Event "Lewisham International 3rd"]
[Site "London"]
[Date "1983.12.02"]
[Round "9.1"]
[White "Plaskett, H James"]
[Black "Westerinen, Heikki MJ"]
[Result "1/2-1/2"]
[WhiteElo "2425"]
[BlackElo "2385"]
[PlyCount "35"]
[EventDate "1983.11.24"]
[EventType "swiss"]
[EventRounds "9"]
[EventCountry "ENG"]

1. b3 e5 2. Bb2 d6 3. e3 Nf6 4. g3 c5 5. Bg2 Nc6 6. c4 d5 7. cxd5 Nxd5 8. a3
Be6 9. Ne2 Be7 10. O-O O-O 11. d3 Qd7 12. Qc2 Rad8 13. Rd1 Bh3 14. Bh1 Qe6 15.
Nbc3 Nxc3 16. Qxc3 f6 17. Re1 Qf7 18. Rab1 {(Although not many moves this top
board game took more than three hours. Jim Plaskett of Sheffield wins this
tournament for the second successive year.)} 1/2-1/2

[Event "Lewisham International 3rd"]
[Site "London"]
[Date "1983.12.02"]
[Round "9.2"]
[White "Hebden, Mark L"]
[Black "Stean, Michael F"]
[Result "1-0"]
[WhiteElo "2495"]
[BlackElo "2500"]
[PlyCount "91"]
[EventDate "1983.11.24"]
[EventType "swiss"]
[EventRounds "9"]
[EventCountry "ENG"]

1. e4 c6 2. d4 d5 3. exd5 cxd5 4. c4 Nf6 5. Nc3 Nc6 6. Bg5 e6 7. Nf3 Be7 8. c5
Ne4 9. Bxe7 Qxe7 10. Bb5 Nxc3 11. bxc3 O-O 12. Bxc6 bxc6 13. O-O Ba6 14. Re1 f6
15. Nh4 Qd7 16. f4 Rab8 17. Qg4 Bc8 18. Re2 Qc7 19. Qg3 a5 20. Rae1 Bd7 21. Nf3
a4 22. h4 h5 23. Nh2 a3 24. Qf3 Rb2 25. Nf1 Rfb8 26. Ng3 Rxe2 27. Rxe2 g6 28.
c4 Rb2 29. f5 gxf5 30. cxd5 cxd5 31. Nxh5 Rb1+ 32. Kf2 Qh2 33. Qg3+ Qxg3+ 34.
Kxg3 Kf7 35. Re3 Rb4 36. Rxa3 Ba4 37. Rd3 Bc2 38. Rc3 Rc4 39. Rxc4 dxc4 40. c6
Ke7 41. Nxf6 Kd6 42. Kf4 c3 43. h5 Bd3 44. Ke3 Ba6 45. g3 Ke7 46. Nd7 1-0

[Event "Lewisham International 3rd"]
[Site "London"]
[Date "1983.12.02"]
[Round "9.3"]
[White "Pytel, Krzysztof"]
[Black "Crouch, Colin S"]
[Result "0-1"]
[WhiteElo "2435"]
[BlackElo "2300"]
[PlyCount "70"]
[EventDate "1983.11.24"]
[EventType "swiss"]
[EventRounds "9"]
[EventCountry "ENG"]

1. d4 Nf6 2. c4 e6 3. Nf3 d5 4. Nc3 c6 5. e3 Nbd7 6. Bd3 dxc4 7. Bxc4 b5 8. Be2
Bb7 9. e4 b4 10. e5 bxc3 11. exf6 cxb2 12. fxg7 Bxg7 13. Bxb2 Qa5+ 14. Nd2 Nc5
15. dxc5 Bxb2 16. Rb1 Bc3 17. Rxb7 Bxd2+ 18. Qxd2 Qxd2+ 19. Kxd2 O-O-O+ 20. Kc3
Kxb7 21. Bf3 Kc7 22. Re1 Rb8 23. Re4 Rb5 24. Kc4 Rb2 25. Rf4 f5 26. Rh4 h6 27.
Rh3 e5 28. Kc3 Rxa2 29. Rg3 Rh7 30. Rg6 e4 31. Bd1 Re7 32. Rd6 Rd7 33. Bb3 Ra3
34. Kb4 Rxb3+ 35. Kxb3 Rxd6 {(2nd IM norm for Colin Crouch of Harrow and also
the first defeat for Pytel)} 0-1

[Event "Lewisham International 3rd"]
[Site "London"]
[Date "1983.12.02"]
[Round "9.4"]
[White "Conquest, Stuart"]
[Black "Rigo, Janos"]
[Result "0-1"]
[WhiteElo "2255"]
[BlackElo "2340"]
[PlyCount "69"]
[EventDate "1983.11.24"]
[EventType "swiss"]
[EventRounds "9"]
[EventCountry "ENG"]

1. d4 Nf6 2. c4 e6 3. g3 d5 4. Bg2 c6 5. Nf3 b6 6. O-O Be7 7. Nc3 O-O 8. Ne5
Nfd7 9. Nxd7 Qxd7 10. Qb3 Ba6 11. cxd5 cxd5 12. Rd1 Bc4 13. Qc2 f5 14. e4 dxe4
15. Nxe4 Bd5 16. Nc3 Bxg2 17. Kxg2 Nc6 18. d5 Nb4 19. Qb3 Rad8 20. d6 Qc6+ 21.
Kg1 Rxd6 22. Rxd6 Qxd6 23. Bf4 Qc6 24. Re1 Kf7 25. Re5 g6 26. Nb5 Rd8 27. Nxa7
Qd7 28. Qc4 Nd3 29. Nc6 Rc8 30. Re3 Nxf4 31. Ne5+ Ke8 32. Qxf4 Qd1+ 33. Kg2 Rc1
34. Qh6 Qh1+ 35. Kh3 {(IM title for Janos Rigo of Hungary. A win for Stuart
Conquest would have given him his first IM norm.)} 0-1

[Event "Lewisham International 3rd"]
[Site "London"]
[Date "1983.12.02"]
[Round "9.6"]
[White "Nicholson, John G"]
[Black "Rogers, Ian"]
[Result "1-0"]
[WhiteElo "2260"]
[BlackElo "2450"]
[PlyCount "111"]
[EventDate "1983.11.24"]
[EventType "swiss"]
[EventRounds "9"]
[EventCountry "ENG"]

1. e4 e5 2. Bc4 Nf6 3. d3 Nc6 4. Nf3 Bc5 5. O-O O-O 6. c3 d6 7. b4 Bb6 8. a4 a6
9. Bg5 h6 10. Bh4 Bg4 11. h3 Bh5 12. g4 Bg6 13. Bd5 h5 14. Nh2 Bh7 15. Na3 Qe7
16. a5 Ba7 17. gxh5 Qd7 18. Bxf6 Qxh3 19. Qg4 Qxg4+ 20. Nxg4 gxf6 21. Kh2 Kh8
22. Nxf6 Kg7 23. Nxh7 Kxh7 24. b5 Nxa5 25. bxa6 c6 26. axb7 Rab8 27. Nb5 Bc5
28. Rxa5 cxd5 29. exd5 Rxb7 30. f4 f5 31. fxe5 dxe5 32. d4 Bb6 33. Ra6 e4 34.
c4 e3 35. Kg2 f4 36. Kf3 Rg7 37. Rxb6 Rg3+ 38. Ke2 Rg2+ 39. Kf3 Rg3+ 40. Ke2
Rg2+ 41. Kd3 e2 42. Ra1 f3 43. Nc3 f2 44. Nxe2 f1=Q 45. Rxf1 Rxf1 46. Re6 Rd1+
47. Kc3 Ra1 48. d6 Ra7 49. c5 Kg7 50. Rg6+ Rxg6 51. hxg6 Kf6 52. Kc4 Ke6 53.
Nf4+ Kd7 54. g7 Ra8 55. Kd5 Ra5 56. Nh5 {(Second IM norm for John Nicholson,
Lewisham & Sussex)} 1-0

[Event "Lewisham International 3rd"]
[Site "London"]
[Date "1983.12.02"]
[Round "9.13"]
[White "Singh, PK."]
[Black "Garcia, Leontxo"]
[Result "1-0"]
[WhiteElo "2200"]
[BlackElo "2300"]
[PlyCount "111"]
[EventDate "1983.11.24"]
[EventType "swiss"]
[EventRounds "9"]
[EventCountry "ENG"]

1. e4 c5 2. Nf3 Nf6 3. e5 Nd5 4. d4 cxd4 5. Qxd4 e6 6. Bc4 Nc6 7. Qe4 f5 8.
exf6 Nxf6 9. Qe2 a6 10. a4 d5 11. Bb3 Bd6 12. O-O O-O 13. Nc3 Qe8 14. Bd2 Qh5
15. h3 Kh8 16. Rfe1 Bd7 17. Rad1 Rae8 18. Be3 Bb4 19. Ng5 Qg6 20. Qd3 Qxd3 21.
Rxd3 h6 22. Nf3 e5 23. Bxd5 Bxc3 24. Bxc6 Bxe1 25. Bxd7 e4 26. Bxe8 exd3 27.
Bg6 Nd5 28. Bxd3 Nxe3 29. fxe3 Bg3 30. h4 a5 31. h5 Re8 32. e4 Rc8 33. Nh2 Rc5
34. Nf1 Be5 35. c3 Bf4 36. g4 Bc1 37. Kf2 Bxb2 38. c4 Bd4+ 39. Ke2 Rc6 40. Nd2
Rb6 41. Bc2 Rd6 42. Nf3 Bc3 43. Ke3 Kg8 44. e5 Rb6 45. Be4 Kf8 46. Bd5 Rb1 47.
Kd3 Ba1 48. Ke4 b6 49. Bc6 Rd1 50. Kf5 Rf1 51. Ke6 Rc1 52. Nh4 Rxc4 $2 (52...
g5 $1) 53. Ng6+ Kg8 54. Bd5 Rxa4 $2 (54... Rc1 55. Kd7+ Kh7 56. e6 Bf6) 55.
Ke7+ Kh7 56. Kf8 1-0

[Event "Lewisham International 3rd"]
[Site "London"]
[Date "1983.12.02"]
[Round "9.14"]
[White "Rupf, Immo"]
[Black "Branford, John W"]
[Result "1-0"]
[WhiteElo "2215"]
[BlackElo "2205"]
[PlyCount "79"]
[EventDate "1983.11.24"]
[EventType "swiss"]
[EventRounds "9"]
[EventCountry "ENG"]

1. Nf3 Nf6 2. g3 g6 3. b4 Bg7 4. Bb2 O-O 5. Bg2 c6 6. c4 d6 7. O-O e5 8. d3 h6
9. Nbd2 Be6 10. Qc2 Re8 11. e4 Nbd7 12. d4 Bg4 13. h3 Bxf3 14. Nxf3 Qe7 15.
Rfe1 b6 16. c5 bxc5 17. bxc5 exd4 18. Nxd4 Rac8 19. cxd6 Qxd6 20. Rad1 Qc7 21.
Nf3 Nf8 22. Nd2 Re7 23. Nc4 Ne6 24. Be5 Qb7 25. Nd6 Qa8 26. Nxc8 Qxc8 27. Bd6
Rd7 28. e5 Ne8 29. Qxc6 Qd8 30. Qa8 Nxd6 31. Qxd8+ Rxd8 32. Rxd6 Rc8 33. Bd5
Rc2 34. Bxe6 fxe6 35. Rxe6 Kf7 36. Ra6 Rc7 37. e6+ Ke7 38. Rd1 Bf8 39. Rd7+
Rxd7 40. exd7 1-0

[Event "Lewisham International 3rd"]
[Site "London"]
[Date "1983.12.02"]
[Round "9.18"]
[White "Jackson, Sheila"]
[Black "Wicker, Kevin J"]
[Result "1-0"]
[WhiteElo "2205"]
[BlackElo "2280"]
[PlyCount "79"]
[EventDate "1983.11.24"]
[EventType "swiss"]
[EventRounds "9"]
[EventCountry "ENG"]

1. e4 e6 2. d4 d5 3. Nd2 Nf6 4. e5 Nfd7 5. Ngf3 b6 6. Bd3 Ba6 7. Bxa6 Nxa6 8.
O-O c5 9. c3 Be7 10. Qe2 Nc7 11. Re1 c4 12. Nf1 b5 13. Ng3 h5 14. h3 g5 15. Nh2
h4 16. Ngf1 Nf8 17. Be3 Rb8 18. Ng4 Ng6 19. Qd2 Kf8 20. Nfh2 Ne8 21. Rf1 Rh5
22. f4 Ng7 23. Nf6 gxf4 24. Nxh5 fxe3 25. Qxe3 Nxh5 26. Qh6+ Ng7 27. Qxg6 Nf5
28. Qh7 Bg5 29. Qh8+ Ke7 30. Qxd8+ Kxd8 31. Ng4 b4 32. Rf2 a5 33. Raf1 Ne3 34.
Re1 Nxg4 35. hxg4 Ke8 36. Kh2 a4 37. cxb4 Rxb4 38. g3 a3 39. bxa3 Ra4 40. Rf3 {
time. 1st WGM norm for Sheila Jackson (London)} 1-0

[Event "Lewisham International 3rd"]
[Site "London"]
[Date "1983.12.02"]
[Round "9.20"]
[White "Casa, Alex"]
[Black "Rose, Nigel CJ"]
[Result "0-1"]
[WhiteElo "2200"]
[BlackElo "2050"]
[PlyCount "44"]
[EventDate "1983.11.24"]
[EventType "swiss"]
[EventRounds "9"]
[EventCountry "ENG"]

1. e4 c5 2. Nf3 d6 3. d4 cxd4 4. Nxd4 Nf6 5. Nc3 a6 6. Bg5 e6 7. f4 Be7 8. Qf3
h6 9. Bh4 Qc7 10. O-O-O Nbd7 11. h3 Rg8 12. Bf2 Rb8 13. Bd3 b5 14. Rhe1 Bb7 15.
Qe2 b4 16. Nb1 Nc5 17. e5 dxe5 18. fxe5 Nd5 19. Bg3 Bg5+ 20. Nd2 Nc3 21. bxc3
bxc3 22. h4 Qa5 0-1